| 000 | 03323nam a2200313 a 4500 | ||
|---|---|---|---|
| 001 | vtls001339110 | ||
| 003 | NLI | ||
| 005 | 20210627053256.0 | ||
| 008 | 120623m1995uuuuii s000 0 eng | ||
| 039 | 9 |
_y201206231844 _zVLOAD |
|
| 040 |
_aNLI _beng _cDatasoft_IOD_S _eAACR2 |
||
| 041 | 0 | _aeng | |
| 044 | _a ii | ||
| 082 | 0 | 4 | _a 336.3951 |
| 110 | 2 |
_aMaharashtra (India) _9681493 |
|
| 245 | 1 | 0 |
_aCivil Budget Estimates for the year 1995-96 / _cGovernment of Maharashtra |
| 260 |
_aBombay : _bGovernment Central Press, _c1995- |
||
| 300 |
_a-v. ; _c30 cm. |
||
| 500 | _aLibrary has 3 cops. | ||
| 505 | 0 | _aPt.1 Detailed budget estimates of revenue and receipts.-Pt.2 Detailed budget estimates of expenditure (Major head-cum-department wise summary of expenditure and public account).-pt.2 A General administration department.-pt.2 B Home department.-pt.2 C Revenue and forests department.-pt.2 D Agriculture, animal husbandry, dairy development and fisheries development, v.1 Agriculture.-pt.2 D. Agriculture, animal husbandary, dairy development and fisheries department, v.2 Animal husbandary, dairy development and fisheries.-pt.2 E School education department.-pt.2 F Urban development department.-pt.2 G Finance department.-pt.2 H Public works department.-pt.2 I Irrigation department.-pt.2 J Law and judiciary department.-pt.2 K Industries energy and labour department.-pt.2 L Rural development and water conservation department.-pt.2 M Food and civil supplies department.-pt.2 N Social welfare, cultural affairs and sports department.-pt.2 O Planning department.-pt.2 P Parliamentary affairs department.-pt.2 Q Housing and special assistance department.-pt.2 R Public health department.-pt.2 S Medical education and drugs department.-pt.2 T Tribal development department.-pt.2 U Environment department.-pt.2 V Co-operation and textiles department.-pt.2 W Higher and technical education and employment department.-pt.2 X Women and child welfare department.-pt.2 Y Maharashtra legislature secretariat.-pt.3 Appendix ?A? Details of expenditure on transferred staff, schemes and works for which grants and loans are payable to zilla parishads and panchayat samitis under the Maharashtra zilla parishads and panchayat samitis, Act, 1961 and detailes of Minor Irrigation works (101 to 250 hectares).-pt.3, Appendix ?B? (I) ?Detailes of various provisions for ?Road and Bridges works? included in the budget estimates under the public works department.-pt.3, Appendix ?B? (2) Details of various provisions for ?Building works? included in the budget estimates under the public works department.-pt.3, Appendix ?c?-Details of various provision for ?works? included in the budget estimates under the irrigation department.-pt.3, Appendix ?D? Details of various provisions for works included in the budget estimates under the tribal department.-pt.3 Appendix ?E? details of various provisions for ?works? included in the budget estimates under the Home Department | |
| 650 | 0 |
_aFinance, Public _zIndia _zMarashtra |
|
| 650 | 0 |
_aBudget _zIndia _zMarashtra |
|
| 651 | 0 |
_aMarashtra (India) _xEconomic policy |
|
| 651 | 0 |
_aMarashtra (India) _xAppropriations and expenditures |
|
| 887 | _a | ||
| 901 |
_a126091 date _b31.08.1996 _9pt.2E |
||
| 902 | _aGP 336.395[1](54313) M 277cb,1995-96 | ||
| 999 |
_aVIRTUA40 _c651925 _d651925 |
||
| 942 |
_2ddc _cBKS |
||